<?xml version="1.0" encoding="UTF-8"?>
<record
    xmlns:xsi="http://www.w3.org/2001/XMLSchema-instance"
    xsi:schemaLocation="http://www.loc.gov/MARC21/slim http://www.loc.gov/standards/marcxml/schema/MARC21slim.xsd"
    xmlns="http://www.loc.gov/MARC21/slim">

  <leader>01707    a2200205   4500</leader>
  <controlfield tag="001">54730</controlfield>
  <controlfield tag="005">20260407155822.0</controlfield>
  <controlfield tag="008">260407a1968    arg                 spa d</controlfield>
  <controlfield tag="003">AR-UNSa-BCEJYS</controlfield>
  <datafield tag="040" ind1=" " ind2=" ">
    <subfield code="a">AR-UNSa-BCEJYS</subfield>
    <subfield code="b">spa</subfield>
    <subfield code="c">AR-UNSa-BCEJYS</subfield>
  </datafield>
  <datafield tag="080" ind1=" " ind2=" ">
    <subfield code="a">327</subfield>
    <subfield code="x">Relaciones internacionales. Pol&#xED;tica internacional. Asuntos internacionales. Pol&#xED;tica exterior
</subfield>
  </datafield>
  <datafield tag="245" ind1="1" ind2="0">
    <subfield code="a">La poblaci&#xF3;n</subfield>
    <subfield code="p">un an&#xE1;lisis actual</subfield>
  </datafield>
  <datafield tag="264" ind1=" " ind2="1">
    <subfield code="a">Madrid :</subfield>
    <subfield code="b">Tecnos</subfield>
    <subfield code="c">1968</subfield>
  </datafield>
  <datafield tag="300" ind1=" " ind2=" ">
    <subfield code="a">578 p.</subfield>
    <subfield code="c">23 cm.</subfield>
  </datafield>
  <datafield tag="505" ind1=" " ind2=" ">
    <subfield code="a">I. La poblaci&#xF3;n como campo de estudio - Primera parte: La poblaci&#xF3;n de los Estados Unidos - II. El crecimiento de la poblaci&#xF3;n: Perspectiva general - III. Fuentes de los datos demogr&#xE1;ficos - IV. La estructura de sexos y edades - V. La pol&#xED;tica de imigraci&#xF3;n norteamericana - VI. El desarrollo de una poblaci&#xF3;n nacional - VII. La migraci&#xF3;n interna - VIII. Urbanismo y urbanizaci&#xF3;n - IX. Familia y fertilidad - X. Morbilidad y mortalidad - XI. Previsiones en torno a la poblaci&#xF3;n - Segunda parte: La poblaci&#xF3;n en varios tipos de sociedad - XII. La poblaci&#xF3;n de las sociedades primitivas - XIII. La poblaci&#xF3;n de las civilizaciones preindustriales - XIV. La poblaci&#xF3;n durante la revoluci&#xF3;n industrial - XV. La poblaci&#xF3;n de las sociedades totalitarias - XVI. La poblaci&#xF3;n de los pa&#xED;ses subdesarrollados - Tercera parte: Los determinantes generales de la poblaci&#xF3;n - XVII. La teor&#xED;a maltusiana y su evoluci&#xF3;n - XVIII. Los determinantes generales de la fertilidad - XIX. Los determinantes generales de la mortalidad - XX. Los determinantes generales de la migraci&#xF3;n</subfield>
  </datafield>
  <datafield tag="942" ind1=" " ind2=" ">
    <subfield code="c">BK</subfield>
  </datafield>
  <datafield tag="590" ind1=" " ind2=" ">
    <subfield code="a">niveau_biblio:m niveau_hierar:0</subfield>
  </datafield>
  <datafield tag="100" ind1="1" ind2=" ">
    <subfield code="a">Petersen, William</subfield>
  </datafield>
  <datafield tag="700" ind1="1" ind2=" ">
    <subfield code="a">Cazorla Perez, Jose</subfield>
  </datafield>
  <datafield tag="999" ind1=" " ind2=" ">
    <subfield code="c">5752</subfield>
    <subfield code="d">5752</subfield>
  </datafield>
  <datafield tag="952" ind1=" " ind2=" ">
    <subfield code="0">0</subfield>
    <subfield code="1">0</subfield>
    <subfield code="4">0</subfield>
    <subfield code="7">0</subfield>
    <subfield code="a">BCEJYS</subfield>
    <subfield code="b">BCEJYS</subfield>
    <subfield code="c">16</subfield>
    <subfield code="d">2026-04-07</subfield>
    <subfield code="l">0</subfield>
    <subfield code="o">327 P478</subfield>
    <subfield code="p">L25592</subfield>
    <subfield code="r">2026-04-07 15:58:22</subfield>
    <subfield code="w">2026-04-07</subfield>
    <subfield code="y">L</subfield>
  </datafield>
  <datafield tag="952" ind1=" " ind2=" ">
    <subfield code="0">0</subfield>
    <subfield code="1">0</subfield>
    <subfield code="4">0</subfield>
    <subfield code="7">0</subfield>
    <subfield code="a">BCEJYS</subfield>
    <subfield code="b">BCEJYS</subfield>
    <subfield code="c">16</subfield>
    <subfield code="d">2026-04-07</subfield>
    <subfield code="l">0</subfield>
    <subfield code="o">327 P478</subfield>
    <subfield code="p">L25593</subfield>
    <subfield code="r">2026-04-07 15:58:22</subfield>
    <subfield code="w">2026-04-07</subfield>
    <subfield code="y">L</subfield>
  </datafield>
  <datafield tag="952" ind1=" " ind2=" ">
    <subfield code="0">0</subfield>
    <subfield code="1">0</subfield>
    <subfield code="4">0</subfield>
    <subfield code="7">0</subfield>
    <subfield code="a">BCEJYS</subfield>
    <subfield code="b">BCEJYS</subfield>
    <subfield code="c">16</subfield>
    <subfield code="d">2026-04-07</subfield>
    <subfield code="l">0</subfield>
    <subfield code="o">327 P478</subfield>
    <subfield code="p">L25594</subfield>
    <subfield code="r">2026-04-07 15:58:22</subfield>
    <subfield code="w">2026-04-07</subfield>
    <subfield code="y">L</subfield>
  </datafield>
</record>
